Countries - Sudden Death - Statistics

General Stats
  • This quiz has been taken 52 times
  • The average score is 4 of 6
Answers on the Grid
Answers color-coded by a green-red scale on the quiz's grid according to % correct below.
Russia
Adebokan
Kyrghyzstan
Tajikistan
Greenland
Tibet
Mandchoukuo
Djibouti
Eswatini
Jordania
Qatar
Kowait
 
Answer Stats
Answer % Correct
Russia
93%
Qatar
77%
Tajikistan
68%
Djibouti
66%
Eswatini
66%
Kyrghyzstan
55%
No matching quizzes found
Score Distribution
Percent of People with Each Score
Percentile by Number Answered
Your Score History
You have not taken this quiz